| 000 | 00474 a2200169 4500 | ||
|---|---|---|---|
| 999 |
_c30080 _d30080 |
||
| 003 | NUST | ||
| 005 | 20180118121338.0 | ||
| 008 | 180118b xxu||||| |||| 00| 0 eng d | ||
| 020 | _a978-81-265-1442-7 | ||
| 020 | _a978-81-265-1442-7 | ||
| 082 | _a530 HAL | ||
| 100 | 1 |
_aHalliday, David. _95033 |
|
| 245 | 1 | 0 |
_aFundamentals of physics extended / _cDavid Halliday, Robert Resnick, Jearl Walker. |
| 250 | _a8th ed. | ||
| 260 |
_a[S.l.] : _bWiley, _c2009. |
||
| 300 | _axxii, 1300 p. ; | ||
| 700 | 1 |
_aResnick, Robert. _98684 |
|
| 700 | 1 |
_aWalker, Jearl. _98685 |
|
| 942 |
_aSNS _cBK _k530 HAL _2ddc |
||